000 00812nam a2200253Ia 4500
003 OSt
005 20220927105426.0
006 a|||||r|||| 00| 0
007 ta
008 220926b |||||||| |||| 00| 0 eng d
024 _a187277
037 _cReference Collections
040 _aRTL
_cRTL
_beng
041 _2eng
_aeng
082 _a"X9(J).1N45.N50r, JO/UN"
110 _a"UNITED NATIONS, FOOD AND AGRICULTURE ORGANISATION"
_9352966
245 0 _a"Report of the 5th session of the confrence, 1949"
260 _a"Washington,"
_bD.C. FAO
_c1950
300 _a"xiii, 92p."
_ccm.
500 _aAppendix: 67-92 p.
700 _a"UNITED NATIONS, FOOD AND AGRICULTURE ORGANISATION"
_9352968
942 _h"X9(J).1N45.N50r, JO/UN"
_cCC
999 _c692447
_d692447